Information Systems for Modern Management / (Record no. 1731)

MARC details
000 -LEADER
Fixed length control field 00522nam a2200181 4500
003 - CONTROL NUMBER IDENTIFIER
Control field SEACOMEC
005 - DATE AND TIME OF LATEST TRANSACTION
Control field 20240930160250.0
008 - FIXED-LENGTH DATA ELEMENTS--GENERAL INFORMATION
Fixed length control field 240930b |||||||| |||| 00| 0 eng d
020 ## - INTERNATIONAL STANDARD BOOK NUMBER / ISBN
International Standard Book Number 978-8120303973
Price 250.00
040 ## - CATALOGING SOURCE
Original cataloging agency SEACOMEC
082 ## - DEWEY DECIMAL CLASSIFICATION NUMBER
Classification number 005.74
Book Number M974
100 ## - MAIN ENTRY--PERSONAL NAME
Personal name Murdick, Robert G.
245 ## - TITLE STATEMENT
Title Information Systems for Modern Management /
Statement of responsibility Robert G. Murdick , Joel E. Ross & James R. Claggett
250 ## - EDITION STATEMENT
Edition statement 3rd ed
260 ## - IMPRINT
Place of publication New Delhi
Name of publisher Prentice Hall India
Date of publication 2004
300 ## - PHYSICAL DESCRIPTION
Page / Vol. No 466 p
942 ## - ADDED ENTRY ELEMENTS (KOHA)
Koha item type Books
Holdings
Withdrawn status Lost status Source of classification Damaged status Not for loan Home library Current library Date acquired Total Checkouts Call number Accession number Date last seen Price effective from Koha item type Copy number
    Dewey Decimal Classification     SEACOM ENGINEERING COLLEGE SEACOM ENGINEERING COLLEGE 18/06/2007   005.74 M974 7214 30/09/2024 30/09/2024 Reference Books  
    Dewey Decimal Classification     SEACOM ENGINEERING COLLEGE SEACOM ENGINEERING COLLEGE 18/06/2007   005.74 M974 7215 30/09/2024 30/09/2024 Books 1
    Dewey Decimal Classification     SEACOM ENGINEERING COLLEGE SEACOM ENGINEERING COLLEGE 18/06/2007   005.74 M974 7216 30/09/2024 30/09/2024 Books 2
    Dewey Decimal Classification     SEACOM ENGINEERING COLLEGE SEACOM ENGINEERING COLLEGE 18/06/2007   005.74 M974 7217 30/09/2024 30/09/2024 Books 3
    Dewey Decimal Classification     SEACOM ENGINEERING COLLEGE SEACOM ENGINEERING COLLEGE 18/06/2007   005.74 M974 7218 30/09/2024 30/09/2024 Books 4
© Seacom Engineering College, All rights reserved.      Powered by Koha